<?xml version="1.0" encoding="UTF-8"?><?xml-stylesheet type="text/xsl" href="static/style.xsl"?><OAI-PMH xmlns="http://www.openarchives.org/OAI/2.0/" xmlns:xsi="http://www.w3.org/2001/XMLSchema-instance" xsi:schemaLocation="http://www.openarchives.org/OAI/2.0/ http://www.openarchives.org/OAI/2.0/OAI-PMH.xsd"><responseDate>2026-04-30T05:10:59Z</responseDate><request verb="GetRecord" identifier="oai:uvadoc.uva.es:10324/3106" metadataPrefix="marc">https://uvadoc.uva.es/oai/request</request><GetRecord><record><header><identifier>oai:uvadoc.uva.es:10324/3106</identifier><datestamp>2021-06-23T11:31:17Z</datestamp><setSpec>com_10324_1175</setSpec><setSpec>com_10324_931</setSpec><setSpec>com_10324_894</setSpec><setSpec>col_10324_1355</setSpec></header><metadata><record xmlns="http://www.loc.gov/MARC21/slim" xmlns:doc="http://www.lyncode.com/xoai" xmlns:xsi="http://www.w3.org/2001/XMLSchema-instance" xmlns:dcterms="http://purl.org/dc/terms/" xsi:schemaLocation="http://www.loc.gov/MARC21/slim http://www.loc.gov/standards/marcxml/schema/MARC21slim.xsd">
<leader>00925njm 22002777a 4500</leader>
<datafield tag="042" ind1=" " ind2=" ">
<subfield code="a">dc</subfield>
</datafield>
<datafield tag="720" ind1=" " ind2=" ">
<subfield code="a">Martín Jiménez, Alfonso</subfield>
<subfield code="e">author</subfield>
</datafield>
<datafield tag="260" ind1=" " ind2=" ">
<subfield code="c">2005</subfield>
</datafield>
<datafield tag="520" ind1=" " ind2=" ">
<subfield code="a">Avellaneda conocía perfectamente la zona cercana al zaragozano pueblo de Ibdes, localidad natal de Jerónimo de Pasamonte, así como las imágenes que hoy en día aún se conservan en la Iglesia de San Miguel Arcángel de Ibdes, y se inspiró en dicha localidad y en sus alrededores para crear los principales escenarios aragoneses del 'Quijote' apócrifo. Aunque en la portada de su novela se presentara como “natural de la villa de Tordesillas”, sugirió en el cuerpo de la misma cuál era su verdadero lugar de origen.</subfield>
</datafield>
<datafield tag="024" ind2=" " ind1="8">
<subfield code="a">Lemir. Revista de Literatura Española Medieval y del Renacimiento, 2005, 9, p. 1-32</subfield>
</datafield>
<datafield tag="024" ind2=" " ind1="8">
<subfield code="a">1579-735X</subfield>
</datafield>
<datafield tag="024" ind2=" " ind1="8">
<subfield code="a">http://uvadoc.uva.es/handle/10324/3106</subfield>
</datafield>
<datafield tag="024" ind2=" " ind1="8">
<subfield code="a">1</subfield>
</datafield>
<datafield tag="024" ind2=" " ind1="8">
<subfield code="a">9</subfield>
</datafield>
<datafield tag="024" ind2=" " ind1="8">
<subfield code="a">32</subfield>
</datafield>
<datafield tag="024" ind2=" " ind1="8">
<subfield code="a">Lemir. Revista de Literatura Española Medieval y del Renacimiento</subfield>
</datafield>
<datafield ind1=" " ind2=" " tag="653">
<subfield code="a">Lugar origen Pasamonte</subfield>
</datafield>
<datafield ind1=" " ind2=" " tag="653">
<subfield code="a">Ibdes</subfield>
</datafield>
<datafield ind1=" " ind2=" " tag="653">
<subfield code="a">Quijote apócrifo</subfield>
</datafield>
<datafield ind1=" " ind2=" " tag="653">
<subfield code="a">Avellaneda</subfield>
</datafield>
<datafield tag="245" ind1="0" ind2="0">
<subfield code="a">El lugar de origen de Pasamonte en el 'Quijote' de Avellaneda</subfield>
</datafield>
</record></metadata></record></GetRecord></OAI-PMH>